Fast Times (Lyrics)- Sabrina Carpenter - Statistics

General Stats
  • This quiz has been taken 172 times
  • The average score is 215 of 275
Answer Stats
Answer % Correct
a
98%
I
97%
to
97%
an
95%
and
95%
fast
93%
Fast
93%
it
93%
time
93%
times
93%
the
92%
the-
92%
are
90%
couldn't
90%
for
89%
so
89%
these
89%
These
89%
is
87%
No
87%
we
87%
help
85%
like
85%
night
85%
yeah
85%
(Yeah)
85%
me
84%
nights
84%
on
82%
too
82%
ever
80%
really
80%
you
80%
be
79%
savings
79%
up
79%
what
79%
But
77%
fuck
77%
meant
77%
forget
74%
Give
74%
in
74%
patience?
74%
second
74%
soon
72%
Sun's
72%
daylight
69%
all
67%
rewrites
67%
Closed
66%
closed
66%
eyes
64%
sides
64%
bed
62%
blinds
62%
My
62%
of
62%
us
61%
can
59%
"baby"
57%
congregating
57%
emotions
56%
call
54%
Mixed
52%
places
51%
Sky
51%
days
49%
Outlines
49%
taste
49%
Three
49%
Picturin'
48%
contemplatin'
46%
looks
46%
stories
46%
such
46%
Ahead
44%
Couple
44%
perfect
44%
purple
44%
speak
43%
understatement
43%
cadence
41%
many
39%
myself's
38%
stages
38%
used
38%
here
36%
past
34%
Tiptoeing
34%
feelings
31%
serrated
30%
Outines
8%
No matching quizzes found
Score Distribution
Percent of People with Each Score
Percentile by Number Answered
Your Score History
You have not taken this quiz